000 00547nam a2200169 a 4500
005 20240924065341.0
008 991125s1969 mx 000 0 spa u
035 _aUPN01000045601
049 _aCG
050 4 _aLA427
_bP6.4
245 0 0 _aPor la reforma y democratización de la enseñanza :
_bdocumentos del primer seminario nacional.
260 _aMéxico :
_bFondo de Cultura Popular,
_c1969.
300 _a127 p.
500 _a"Central Nacional de Estudiantes Democráticos"
650 4 _aEducación superior
_zMéxico
_94968
905 _aLibro
999 _c45601
_d45601